| 000 | 01628nam a2200349 a 4500 | ||
|---|---|---|---|
| 001 | ebr10722549 | ||
| 003 | CaPaEBR | ||
| 006 | m o u | ||
| 007 | cr cn||||||||| | ||
| 008 | 150303s2013 njuad sb 001 0 eng d | ||
| 020 | _z9781118115473 | ||
| 020 | _z9781118418871 (e-book) | ||
| 040 |
_aCaPaEBR _cCaPaEBR |
||
| 035 | _a(OCoLC)824536079 | ||
| 050 | 1 | 4 |
_aHE356.5.B6 _b.G74 2013eb |
| 082 | 0 | 4 |
_a658.4/04 _223 |
| 100 | 1 | _aGreiman, Virginia. | |
| 245 | 1 | 0 |
_aMegaproject management _h[electronic resource] : _blessons on risk and project management from the Big Dig / _cVirginia A. Greiman. |
| 260 |
_aHoboken, N.J. : _bWiley, _cc2013. |
||
| 300 |
_a1 online resource (xxvi, 464 p.) : _bcol. ill., charts. |
||
| 504 | _aIncludes bibliographical references at the end of each chapters and index. | ||
| 533 |
_aElectronic reproduction. _bPalo Alto, Calif. : _cebrary, _d2015. _nAvailable via World Wide Web. _nAccess may be limited to ebrary affiliated libraries. |
||
| 588 | _aDescription based on online resource; title from title page (ebrary, viewed July 4, 2013). | ||
| 610 | 2 | 0 |
_aCentral Artery/Third Harbor Tunnel Project (Mass.) _vCase studies. |
| 650 | 0 |
_aTunnels _zMassachusetts _zBoston _xDesign and construction _vCase studies. |
|
| 650 | 0 |
_aPublic works _zMassachusetts _zBoston _xManagement _vCase studies. |
|
| 650 | 0 |
_aProject management _vCase studies. |
|
| 650 | 0 |
_aRisk management _vCase studies. |
|
| 655 | 7 |
_aElectronic books. _2local |
|
| 710 | 2 | _aebrary, Inc. | |
| 856 | 4 | 0 |
_uhttp://site.ebrary.com/lib/rucke/Doc?id=10722549 _zAn electronic book accessible through the World Wide Web; click to view |
| 999 |
_c39409 _d39409 |
||